Racismo y discurso de las élites

Gespeichert in:
Bibliographische Detailangaben
1. Verfasser: Dijk, Teun Adrianus van (VerfasserIn)
Format: Buch
Sprache:Spanisch
Veröffentlicht: Barcelona Gedisa 2003
Schriftenreihe:Cla-de-ma. Lingüística, Análisis del Discurso
Schlagworte:
Tags: Tag hinzufügen
Keine Tags, Fügen Sie den ersten Tag hinzu!

MARC

LEADER 00000nam a2200000 a 4500
001 UCL3208
003 CL-VaPUC
008 031114e20030000SP |||||||||||||||||spa|d
020 |a 8474328438 
082 0 4 |a 305.8  |b DIJ  |2 21 
100 0 |a Dijk, Teun Adrianus van  |e author  |9 480464 
245 1 0 |a Racismo y discurso de las élites 
300 |a 334 p 
942 |c BK 
945 |d 20031114 00:00:00  |a cmena 
260 |a Barcelona  |b Gedisa  |c 2003 
650 0 |a Racismo  |9 255805 
650 0 |a Discriminación racial  |9 257054 
650 0 |a Análisis del discurso  |9 256696 
650 0 |a Inmigración  |9 268290 
650 0 |a Psicología social   |9 222894 
583 |a last modification  |c 20031114 00:00:00  |k Rodrigo Vera 
490 0 |a Cla-de-ma. Lingüística, Análisis del Discurso 
999 |c 306324  |d 306322 
952 |0 0  |1 0  |4 0  |6 305_800000000000000_DIJ_2003  |7 0  |8 A  |9 371261  |a FDOPOS  |b FDOPOS  |d 2019-11-21  |i 3965686  |o 305.8 DIJ 2003  |p 3965686  |r 2023-08-09  |w 2019-11-21  |y BK  |k MLA 
952 |0 0  |1 0  |4 0  |6 305_800000000000000_DIJ_2003  |7 0  |8 A  |9 371262  |a BIBEDU  |b BIBEDU  |d 2019-11-21  |i 4020847  |o 305.8 DIJ 2003  |p 4020847  |r 2019-11-21  |w 2019-11-21  |y BK  |k PSI 
952 |0 0  |1 0  |4 0  |6 305_800000000000000_DIJ_2003  |7 0  |8 A  |9 371263  |a BIBGIM  |b BIBGIM  |d 2019-11-21  |i 4045696  |o 305.8 DIJ 2003  |p 4045696  |r 2025-01-15  |w 2019-11-21  |y BK  |k SSL